LEADER 01079nam a2200205 i 4500 001 000000029676 003 CaOOAMICUS 005 20180830125448.0 008 180830s1914 gw u000 u und u 040 $aSeMil$bita 245 10$aChristus in seiner präexistenz und kenose nach Phil 2,5-8. 260 $aRom :$bPäpstliches Bibelinstitut,$c1914. 300 $av. ;$c25 cm. 650 4$aBibbia - NT - Epistola ai Filippesi, 2,5-8.$0(OLS)http://semarc/subject/4739 773 0 $tScripta Pontificii Instituti Biblici.$dRoma : Pontificio Istituto Biblico, [19..]$w()6426 774 0 $tHistorische Untersuchung.$kScripta Pontificii Instituti Biblici$g1$w()228649 774 0 $tExegetisch-kritische Untersuchung.$kScripta Pontificii Instituti Biblici$g2$w()228687 774 0 $tSünde der "Söhne Gottes".$dRom : Päpstliches Bibelinstitut, 1937.$kScripta Pontificii Instituti Biblici$g1$w()228690 996 $6245$aChristus in seiner präexistenz und kenose nach Phil 2,5-8$9(OLS)http://semarc/title/40330 996 $6260$aRom :$bPäpstliches Bibelinstitut$9(OLS)http://semarc/publisher/38183 LEADER 00923nam a2200229 i 4500 001 000000127339 003 CaOOAMICUS 005 20040730000000.0 008 040730s1959 it u000 u ita u 013 $a100048 040 $aSeMil$bita 100 1 $aAngelini, Sandro.$0(OLS)http://semarc/name/7632 245 10$aS. Maria Maggiore in Bergamo /$cSandro Angelini. 260 $aBergamo :$bBanca Popolare di Bergamo,$ccopyr. 1959. 300 $a180 p. :$briccamente ill. ;$c34 cm. 500 $aContiene : Bibliografia. 650 4$aBergamo - Chiese - Santa Maria Maggiore.$0(OLS)http://semarc/subject/46167 850 $aSeMil 852 $aSeMil$W1$xVenegono$y1$m5Q X 5$j81650$B81650$CSeMilBibl$Z2$F85241 $8I 961 $aOmaggio: Ferrari Ecc. Marco 996 $6245$aS. Maria Maggiore in Bergamo$9(OLS)http://semarc/title/187922 996 $6260$aBergamo :$bBanca Popolare di Bergamo$9(OLS)http://semarc/publisher/34988